000 00661nam a2200277Ia 4500
005 20260324124034.0
008 008 260324s9999 xx 000 0 eng d
020 _a9781315855073
037 _aEBOOK
040 _aCRL
040 _beng
040 _cCRL
041 _2eng
041 _aeng
084 _qCRL
100 _aMichelle Karns; Eli Johnson
_91172609
245 0 _aRTI Strategies that Work in the K-2 Classroom
260 _bTaylor and Francis
260 _c2011
365 _a
365 _b180
856 _uhttp://www.taylorfrancis.com/books/9781315855073
942 _cEBOOK
999 _c1766652
_d1766652